00642nam a2200241 a 4500001001300000003000900013005001700022008004100039020001000080082001300090100001300103245002900116260003500145300000800180500003500188505001300223650002800236700001300264902000800277942000700285952009300292999001500385nice12345678IN_TiNIC20260116011404.0050524s1916 alla grp 000 0 urd  ac10000a244bROY aRoy, B B aMasihi Mazhab Ki Sadaqat aAllahabadbMission Pressc1916 a24p aincludes index and biblioraphy2 aAppendix aChristianity-Miscellany1 aRoy, B B bSRS cBK 00104070aHMIbHMId2007-07-05g100.00l0o244 ROYp4203r2007-07-05w2026-01-16yARB c1092d1092